[Event "Marianske Lazne 2023"]
[Site "?"]
[Date "2023.01.21"]
[Round "9.14"]
[White "Goroshkov, Maksym"]
[Black "Terhuven, Patrick"]
[Result "1-0"]
[BlackElo "2174"]
[WhiteElo "2261"]
[LiveChessVersion "1.4.8"]

1. Nf3 {[%clk 1:25:45]} d5 {[%clk 1:30:12]} 2. b3 {[%clk 1:26:04]} Nf6
{[%clk 1:29:48]} 3. Bb2 {[%clk 1:26:22]} c5 {[%clk 1:29:54]} 4. e3
{[%clk 1:26:33]} a6 {[%clk 1:29:35]} 5. d4 {[%clk 1:26:27]} Nc6 {[%clk 1:28:50]}
6. Be2 {[%clk 1:26:02]} e6 {[%clk 1:27:41]} 7. O-O {[%clk 1:26:12]} Be7
{[%clk 1:27:30]} 8. Nbd2 {[%clk 1:24:32]} O-O {[%clk 1:27:25]} 9. c4
{[%clk 1:21:45]} dxc4 {[%clk 1:26:46]} 10. bxc4 {[%clk 1:21:47]} cxd4
{[%clk 1:26:42]} 11. exd4 {[%clk 1:22:07]} b6 {[%clk 1:23:45]} 12. a3
{[%clk 1:19:19]} Bb7 {[%clk 1:23:34]} 13. Re1 {[%clk 1:18:27]} Qc7
{[%clk 1:20:48]} 14. Nf1 {[%clk 1:18:08]} Rfd8 {[%clk 1:19:13]} 15. Qc2
{[%clk 1:18:05]} Rac8 {[%clk 1:18:37]} 16. Ne3 {[%clk 1:18:10]} Qb8
{[%clk 1:07:30]} 17. Rad1 {[%clk 1:10:04]} Na5 {[%clk 1:02:43]} 18. Qb1
{[%clk 0:55:49]} Be4 {[%clk 1:00:56]} 19. Qa2 {[%clk 0:46:53]} h6
{[%clk 0:59:35]} 20. d5 {[%clk 0:41:26]} exd5 {[%clk 0:58:32]} 21. cxd5
{[%clk 0:41:36]} Qb7 {[%clk 0:55:33]} 22. d6 {[%clk 0:37:26]} Rxd6
{[%clk 0:54:28]} 23. Rxd6 {[%clk 0:37:52]} Bxd6 {[%clk 0:54:43]} 24. Bxf6
{[%clk 0:38:18]} gxf6 {[%clk 0:55:01]} 25. Ng4 {[%clk 0:38:38]} Be5
{[%clk 0:42:36]} 26. Nfxe5 {[%clk 0:36:24]} fxe5 {[%clk 0:42:46]} 27. Qd2
{[%clk 0:35:58]} Rc6 {[%clk 0:32:28]} 28. Nxe5 {[%clk 0:34:55]} Re6
{[%clk 0:32:11]} 29. Qd8+ {[%clk 0:34:24]} Kh7 {[%clk 0:30:07]} 30. Nd7
{[%clk 0:28:51]} Nc6 {[%clk 0:27:36]} 31. Nf6+ {[%clk 0:29:18]} Kg7
{[%clk 0:25:56]} 32. Nh5+ {[%clk 0:29:43]} Kh7 {[%clk 0:25:24]} 33. Nf6+
{[%clk 0:30:05]} Kg7 {[%clk 0:25:43]} 34. Nh5+ {[%clk 0:30:33]} Kh7
{[%clk 0:25:24]} 35. Qf8 {[%clk 0:30:58]} Rg6 {[%clk 0:24:47]} 36. f3
{[%clk 0:31:03]} Bf5 {[%clk 0:22:12]} 37. Bc4 {[%clk 0:31:03]} Qd7
{[%clk 0:18:48]} 38. Qxf7+ {[%clk 0:24:28]} Qxf7 {[%clk 0:18:58]} 39. Bxf7
{[%clk 0:24:54]} Rd6 {[%clk 0:19:12]} 40. Ng3 {[%clk 0:24:43]} Bg6
{[%clk 0:18:35]} 41. Bxg6+ {[%clk 0:24:20]} Kxg6 {[%clk 0:18:51]} 42. h4
{[%clk 0:24:35]} b5 {[%clk 0:18:11]} 43. h5+ {[%clk 0:24:58]} Kf7
{[%clk 0:17:40]} 44. Nf5 {[%clk 0:25:22]} Rd3 {[%clk 0:17:04]} 45. Nxh6+
{[%clk 0:25:40]} Kg7 {[%clk 0:17:06]} 46. Ng4 {[%clk 0:25:35]} Rxa3
{[%clk 0:17:02]} 47. Rc1 {[%clk 0:25:56]} Nd4 {[%clk 0:15:20]} 48. Rc7+
{[%clk 0:26:22]} Kh8 {[%clk 0:14:48]} 49. Nf6 {[%clk 0:26:40]} 1-0

[Event "Marianske Lazne 2023"]
[Site "?"]
[Date "2023.01.21"]
[Round "9.15"]
[White "Stinka, Jakub"]
[Black "Krivenko, Dion"]
[Result "1-0"]
[BlackElo "2141"]
[WhiteElo "2301"]
[LiveChessVersion "1.4.8"]

1. d4 {[%clk 1:21:56]} Nf6 {[%clk 1:30:57]} 2. c4 {[%clk 1:22:24]} c5
{[%clk 1:31:18]} 3. d5 {[%clk 1:22:46]} b5 {[%clk 1:31:41]} 4. cxb5
{[%clk 1:23:12]} a6 {[%clk 1:32:06]} 5. b6 {[%clk 1:23:38]} g6 {[%clk 1:31:51]}
6. Nc3 {[%clk 1:23:52]} Bg7 {[%clk 1:31:36]} 7. e4 {[%clk 1:23:53]} d6
{[%clk 1:32:01]} 8. Nf3 {[%clk 1:22:56]} O-O {[%clk 1:32:08]} 9. Be2
{[%clk 1:21:54]} Nbd7 {[%clk 1:32:16]} 10. O-O {[%clk 1:19:19]} Nxb6
{[%clk 1:32:06]} 11. Bf4 {[%clk 1:16:46]} Ne8 {[%clk 1:28:07]} 12. Re1
{[%clk 1:14:11]} Bg4 {[%clk 1:19:58]} 13. Qc2 {[%clk 1:07:36]} Nc7
{[%clk 1:15:46]} 14. a4 {[%clk 1:04:12]} a5 {[%clk 1:15:22]} 15. h3
{[%clk 0:59:50]} Bxf3 {[%clk 1:14:57]} 16. Bxf3 {[%clk 1:00:18]} Nc4
{[%clk 1:01:55]} 17. Be2 {[%clk 0:56:33]} Ne5 {[%clk 1:02:16]} 18. Bd2
{[%clk 0:54:10]} c4 {[%clk 0:52:59]} 19. f4 {[%clk 0:50:50]} Nd3 {[%clk 0:53:05]}
20. Bxd3 {[%clk 0:50:39]} cxd3 {[%clk 0:53:32]} 21. Qxd3 {[%clk 0:51:01]} Na6
{[%clk 0:53:15]} 22. Be3 {[%clk 0:44:56]} Qb8 {[%clk 0:50:26]} 23. Nb5
{[%clk 0:36:36]} Bxb2 {[%clk 0:46:50]} 24. Rab1 {[%clk 0:37:01]} Nb4
{[%clk 0:44:28]} 25. Qe2 {[%clk 0:35:07]} Bg7 {[%clk 0:44:03]} 26. Rbc1
{[%clk 0:33:32]} f5 {[%clk 0:39:21]} 27. Bf2 {[%clk 0:27:34]} fxe4
{[%clk 0:36:24]} 28. Qxe4 {[%clk 0:27:54]} Qb7 {[%clk 0:35:14]} 29. Qe6+
{[%clk 0:24:33]} Rf7 {[%clk 0:33:13]} 30. Red1 {[%clk 0:24:10]} Na6
{[%clk 0:28:26]} 31. Rc6 {[%clk 0:23:01]} Raf8 {[%clk 0:27:06]} 32. Be3
{[%clk 0:12:40]} Kh8 {[%clk 0:22:00]} 33. Kh1 {[%clk 0:10:05]} Rf6
{[%clk 0:15:40]} 34. Qe4 {[%clk 0:09:53]} Nc5 {[%clk 0:13:27]} 35. Bxc5
{[%clk 0:08:07]} Rxf4 {[%clk 0:13:39]} 36. Qe2 {[%clk 0:07:20]} dxc5
{[%clk 0:12:52]} 37. Rc7 {[%clk 0:07:06]} Qb6 {[%clk 0:10:32]} 38. Qxe7
{[%clk 0:05:50]} Qf6 {[%clk 0:10:22]} 39. Qxf6 {[%clk 0:05:57]} Bxf6
{[%clk 0:10:38]} 40. d6 {[%clk 0:04:53]} Be5 {[%clk 0:04:19]} 41. Kg1
{[%clk 0:04:05]} c4 {[%clk 0:02:59]} 42. d7 {[%clk 0:00:50]} Rd8 {[%clk 0:21:31]}
43. Rc8 {[%clk 0:28:37]} Rff8 {[%clk 0:19:06]} 44. Re1 {[%clk 0:27:51]} Bf6
{[%clk 0:15:01]} 45. Nd6 {[%clk 0:26:37]} c3 {[%clk 0:11:24]} 46. Re8
{[%clk 0:25:39]} Kg8 {[%clk 0:04:12]} 47. Ne4 {[%clk 0:22:23]} Bd4+
{[%clk 0:02:53]} 48. Kh2 {[%clk 0:22:15]} Bb6 {[%clk 0:02:47]} 49. Nxc3
{[%clk 0:21:56]} Kf7 {[%clk 0:02:24]} 50. Nd5 {[%clk 0:21:54]} Rfxe8
{[%clk 0:02:04]} 51. dxe8=Q+ {[%clk 0:22:03]} Rxe8 {[%clk 0:02:30]} 52. Rxe8
{[%clk 0:22:17]} Kxe8 {[%clk 0:02:51]} 53. Nxb6 {[%clk 0:22:42]} Ke7
{[%clk 0:03:18]} 54. Nc4 {[%clk 0:23:04]} g5 {[%clk 0:03:25]} 55. Nxa5
{[%clk 0:23:29]} h5 {[%clk 0:03:53]} 56. Kg3 {[%clk 0:23:49]} g4 {[%clk 0:04:17]}
57. hxg4 {[%clk 0:24:14]} h4+ {[%clk 0:04:44]} 58. Kxh4 {[%clk 0:24:38]} 1-0

[Event "Marianske Lazne 2023"]
[Site "?"]
[Date "2023.01.21"]
[Round "9.17"]
[White "Mannion, Stephen R"]
[Black "Kristoferitsch, Daniel"]
[Result "0-1"]
[BlackElo "2295"]
[WhiteElo "2224"]
[LiveChessVersion "1.4.8"]

1. e4 {[%clk 1:30:58]} c5 {[%clk 1:27:27]} 2. Nf3 {[%clk 1:31:22]} d6
{[%clk 1:27:48]} 3. d4 {[%clk 1:31:46]} cxd4 {[%clk 1:28:12]} 4. Nxd4
{[%clk 1:32:13]} Nf6 {[%clk 1:28:35]} 5. Nc3 {[%clk 1:32:39]} a6 {[%clk 1:28:59]}
6. f3 {[%clk 1:32:25]} e6 {[%clk 1:29:21]} 7. Be3 {[%clk 1:32:46]} h5
{[%clk 1:29:46]} 8. Qd2 {[%clk 1:33:05]} Be7 {[%clk 1:30:03]} 9. O-O-O
{[%clk 1:32:51]} b5 {[%clk 1:30:05]} 10. a3 {[%clk 1:33:09]} Bb7 {[%clk 1:28:26]}
11. Kb1 {[%clk 1:33:13]} Nbd7 {[%clk 1:28:21]} 12. Be2 {[%clk 1:32:14]} Rc8
{[%clk 1:27:23]} 13. Rhg1 {[%clk 1:32:01]} Ne5 {[%clk 1:23:11]} 14. Bg5
{[%clk 1:14:19]} Nc4 {[%clk 0:57:20]} 15. Bxc4 {[%clk 1:09:25]} bxc4
{[%clk 0:57:46]} 16. h4 {[%clk 0:42:48]} Rb8 {[%clk 0:49:17]} 17. Ka2
{[%clk 0:30:57]} Qb6 {[%clk 0:43:44]} 18. Rb1 {[%clk 0:27:45]} g6
{[%clk 0:32:36]} 19. Rgd1 {[%clk 0:22:52]} O-O {[%clk 0:24:30]} 20. g4
{[%clk 0:20:46]} e5 {[%clk 0:21:20]} 21. Nde2 {[%clk 0:20:24]} hxg4
{[%clk 0:21:04]} 22. h5 {[%clk 0:20:07]} gxf3 {[%clk 0:15:42]} 23. Ng3
{[%clk 0:20:05]} Qd8 {[%clk 0:13:45]} 24. Bh6 {[%clk 0:05:16]} Ng4
{[%clk 0:10:43]} 25. Bxf8 {[%clk 0:05:22]} Bxf8 {[%clk 0:09:53]} 26. hxg6
{[%clk 0:04:58]} fxg6 {[%clk 0:10:07]} 27. Rh1 {[%clk 0:05:21]} Be7
{[%clk 0:07:24]} 28. Rbd1 {[%clk 0:04:08]} Kg7 {[%clk 0:04:50]} 29. Rh3
{[%clk 0:04:01]} Bg5 {[%clk 0:01:26]} 30. Qxd6 {[%clk 0:04:28]} Qxd6
{[%clk 0:01:16]} 31. Rxd6 {[%clk 0:04:56]} Rd8 {[%clk 0:01:45]} 32. Rxd8
{[%clk 0:06:49]} Bxd8 {[%clk 0:02:39]} 33. Nf1 {[%clk 0:06:18]} f2
{[%clk 0:02:28]} 34. Rg3 {[%clk 0:04:56]} Bc8 {[%clk 0:02:25]} 35. Nd5
{[%clk 0:05:12]} Bg5 {[%clk 0:02:03]} 36. b4 {[%clk 0:04:57]} Bf4
{[%clk 0:01:54]} 37. Rf3 {[%clk 0:04:26]} g5 {[%clk 0:02:07]} 38. a4
{[%clk 0:04:47]} Bb7 {[%clk 0:01:42]} 39. b5 {[%clk 0:04:49]} axb5
{[%clk 0:02:08]} 40. axb5 {[%clk 0:05:17]} Bxd5 {[%clk 0:02:17]} 41. exd5
{[%clk 0:04:44]} e4 {[%clk 0:01:58]} 42. Ra3 {[%clk 0:23:34]} e3 {[%clk 0:28:31]}
43. d6 {[%clk 0:18:09]} Bxd6 {[%clk 0:20:57]} 44. Rxe3 {[%clk 0:15:53]} Nxe3
{[%clk 0:21:15]} 45. Nxe3 {[%clk 0:16:20]} Bf4 {[%clk 0:21:30]} 0-1

[Event "Marianske Lazne 2023"]
[Site "?"]
[Date "2023.01.21"]
[Round "9.18"]
[White "Jurek, Josef"]
[Black "Mica, Marek"]
[Result "1/2-1/2"]
[BlackElo "2244"]
[WhiteElo "2230"]
[LiveChessVersion "1.4.8"]

1. d4 {[%clk 1:30:56]} Nf6 {[%clk 1:30:43]} 2. Nf3 {[%clk 1:31:12]} d5
{[%clk 1:30:51]} 3. c4 {[%clk 1:31:00]} e6 {[%clk 1:31:10]} 4. e3
{[%clk 1:30:56]} a6 {[%clk 1:30:26]} 5. b3 {[%clk 1:29:08]} c5 {[%clk 1:28:31]}
6. cxd5 {[%clk 1:26:58]} Nxd5 {[%clk 1:28:02]} 7. Bb2 {[%clk 1:22:10]} Nd7
{[%clk 1:23:08]} 8. Be2 {[%clk 1:19:15]} Be7 {[%clk 1:16:25]} 9. O-O
{[%clk 1:17:48]} O-O {[%clk 1:15:22]} 10. Nc3 {[%clk 1:17:04]} Nxc3
{[%clk 1:14:46]} 11. Bxc3 {[%clk 1:17:16]} b5 {[%clk 1:12:57]} 12. dxc5
{[%clk 1:13:30]} Nxc5 {[%clk 1:12:37]} 13. Qxd8 {[%clk 1:12:06]} Rxd8
{[%clk 1:13:01]} 14. Ba5 {[%clk 1:11:41]} Re8 {[%clk 1:12:47]} 15. Rac1
{[%clk 1:09:05]} Bb7 {[%clk 1:12:06]} 16. Nd4 {[%clk 1:03:34]} Rac8
{[%clk 1:11:04]} 17. Bf3 {[%clk 1:01:11]} Bxf3 {[%clk 1:10:51]} 18. Nxf3
{[%clk 0:59:50]} Ne4 {[%clk 1:10:06]} 19. Nd4 {[%clk 0:50:06]} Ba3
{[%clk 1:09:23]} 20. Rc2 {[%clk 0:48:47]} e5 {[%clk 0:59:50]} 21. Nc6
{[%clk 0:46:35]} g6 {[%clk 0:58:29]} 22. Re1 {[%clk 0:41:53]} Kg7
{[%clk 0:52:29]} 23. Ree2 {[%clk 0:40:33]} Re6 {[%clk 0:45:11]} 24. Nd8
{[%clk 0:37:22]} Rxd8 {[%clk 0:35:43]} 25. Bxd8 {[%clk 0:37:21]} Rd6
{[%clk 0:35:40]} 26. Ba5 {[%clk 0:37:12]} b4 {[%clk 0:35:08]} 27. g3
{[%clk 0:33:33]} Rd5 {[%clk 0:34:25]} 28. Bc7 {[%clk 0:32:34]} f6
{[%clk 0:34:06]} 29. Kg2 {[%clk 0:32:24]} Rd1 {[%clk 0:28:48]} 30. f3
{[%clk 0:26:28]} Nc3 {[%clk 0:29:04]} 31. Red2 {[%clk 0:26:33]} Ra1
{[%clk 0:28:46]} 32. Bd8 {[%clk 0:22:28]} Kf7 {[%clk 0:27:39]} 33. Rd6
{[%clk 0:21:44]} f5 {[%clk 0:28:01]} 34. Rcd2 {[%clk 0:15:16]} e4
{[%clk 0:24:03]} 35. f4 {[%clk 0:12:37]} Bc1 {[%clk 0:22:44]} 36. Rd7+
{[%clk 0:10:32]} Kf8 {[%clk 0:21:43]} 37. R2d6 {[%clk 0:05:02]} Rxa2+
{[%clk 0:21:17]} 38. Kf1 {[%clk 0:04:10]} Bxe3 {[%clk 0:20:55]} 39. Bg5
{[%clk 0:03:21]} Rf2+ {[%clk 0:20:13]} 1/2-1/2

[Event "Marianske Lazne 2023"]
[Site "?"]
[Date "2023.01.21"]
[Round "9.19"]
[White "Besou, Hussain"]
[Black "Ocelak, Jakub"]
[Result "1/2-1/2"]
[BlackElo "2105"]
[WhiteElo "2288"]
[LiveChessVersion "1.4.8"]

1. e4 {[%clk 1:30:58]} c5 {[%clk 1:29:49]} 2. Nf3 {[%clk 1:31:20]} d6
{[%clk 1:30:14]} 3. d4 {[%clk 1:31:44]} cxd4 {[%clk 1:30:42]} 4. Nxd4
{[%clk 1:32:04]} Nf6 {[%clk 1:31:10]} 5. Nc3 {[%clk 1:32:23]} g6 {[%clk 1:31:38]}
6. Be3 {[%clk 1:32:42]} Bg7 {[%clk 1:31:40]} 7. f3 {[%clk 1:33:04]} O-O
{[%clk 1:32:04]} 8. Qd2 {[%clk 1:33:31]} Nc6 {[%clk 1:32:30]} 9. Bc4
{[%clk 1:33:54]} Nxd4 {[%clk 1:32:21]} 10. Bxd4 {[%clk 1:33:36]} Be6
{[%clk 1:32:49]} 11. Nd5 {[%clk 1:30:45]} Bxd5 {[%clk 1:05:40]} 12. exd5
{[%clk 1:29:59]} Qd7 {[%clk 1:01:30]} 13. O-O {[%clk 1:24:48]} Rfc8
{[%clk 0:53:19]} 14. Bb3 {[%clk 1:22:57]} b5 {[%clk 0:48:24]} 15. a4
{[%clk 1:21:51]} a5 {[%clk 0:48:20]} 16. Qd3 {[%clk 1:18:33]} b4 {[%clk 0:45:48]}
17. Rfe1 {[%clk 1:17:39]} Rc7 {[%clk 0:42:17]} 18. Re2 {[%clk 1:08:17]} Nh5
{[%clk 0:37:55]} 19. Qe3 {[%clk 1:06:29]} Bxd4 {[%clk 0:34:31]} 20. Qxd4
{[%clk 1:06:45]} Qf5 {[%clk 0:32:37]} 21. Rae1 {[%clk 1:02:50]} Raa7
{[%clk 0:30:41]} 22. Re4 {[%clk 0:54:25]} Qf6 {[%clk 0:27:53]} 23. g4
{[%clk 0:53:14]} Qxd4+ {[%clk 0:28:02]} 24. Rxd4 {[%clk 0:53:23]} Nf6
{[%clk 0:28:00]} 25. h4 {[%clk 0:53:23]} h5 {[%clk 0:22:27]} 26. g5
{[%clk 0:52:18]} Ne8 {[%clk 0:22:50]} 27. Rde4 {[%clk 0:49:02]} Kf8
{[%clk 0:21:52]} 28. Kf2 {[%clk 0:48:57]} Rc5 {[%clk 0:18:29]} 29. Ke3
{[%clk 0:47:53]} Rac7 {[%clk 0:15:53]} 30. Kd3 {[%clk 0:47:55]} Ng7
{[%clk 0:16:18]} 31. Rc1 {[%clk 0:41:17]} Nf5 {[%clk 0:16:07]} 32. c3
{[%clk 0:41:18]} Ke8 {[%clk 0:08:11]} 33. Bc4 {[%clk 0:40:02]} bxc3
{[%clk 0:07:21]} 34. Rxc3 {[%clk 0:40:16]} Kd8 {[%clk 0:06:33]} 35. Rb3
{[%clk 0:37:14]} Ng3 {[%clk 0:04:57]} 36. Rb8+ {[%clk 0:36:45]} Rc8
{[%clk 0:05:14]} 37. Rxc8+ {[%clk 0:37:06]} Rxc8 {[%clk 0:05:35]} 38. Rf4
{[%clk 0:36:14]} Nf5 {[%clk 0:05:54]} 39. b3 {[%clk 0:34:21]} Rc5
{[%clk 0:03:27]} 40. Ke2 {[%clk 0:23:28]} e5 {[%clk 0:02:06]} 41. dxe6
{[%clk 0:23:37]} fxe6 {[%clk 0:02:34]} 42. Kd2 {[%clk 0:21:56]} Ke7
{[%clk 0:18:26]} 1/2-1/2

[Event "Marianske Lazne 2023"]
[Site "?"]
[Date "2023.01.21"]
[Round "9.20"]
[White "Holtel, Jasper"]
[Black "Nasshan, Dennis"]
[Result "1-0"]
[BlackElo "2320"]
[WhiteElo "2357"]
[LiveChessVersion "1.4.8"]

1. e4 {[%clk 1:22:10]} c6 {[%clk 1:30:54]} 2. d4 {[%clk 1:21:46]} d5
{[%clk 1:31:21]} 3. exd5 {[%clk 1:22:04]} cxd5 {[%clk 1:31:50]} 4. c4
{[%clk 1:22:24]} Nf6 {[%clk 1:32:17]} 5. Nc3 {[%clk 1:22:45]} Nc6
{[%clk 1:32:44]} 6. Nf3 {[%clk 1:23:03]} Bg4 {[%clk 1:27:14]} 7. cxd5
{[%clk 1:21:08]} Nxd5 {[%clk 1:27:15]} 8. Qb3 {[%clk 1:21:26]} Bxf3
{[%clk 1:24:50]} 9. gxf3 {[%clk 1:21:26]} e6 {[%clk 1:25:11]} 10. Qxb7
{[%clk 1:21:40]} Nxd4 {[%clk 1:25:20]} 11. Bb5+ {[%clk 1:21:27]} Nxb5
{[%clk 1:25:45]} 12. Qc6+ {[%clk 1:21:27]} Ke7 {[%clk 1:26:08]} 13. Qc5+
{[%clk 1:10:45]} Qd6 {[%clk 1:13:27]} 14. Nxd5+ {[%clk 1:07:12]} exd5
{[%clk 1:13:45]} 15. Qxb5 {[%clk 1:07:37]} Rb8 {[%clk 1:02:20]} 16. Qe2+
{[%clk 1:06:14]} Qe6 {[%clk 0:56:07]} 17. Be3 {[%clk 1:05:12]} f6
{[%clk 0:49:25]} 18. O-O-O {[%clk 0:42:20]} Kf7 {[%clk 0:46:37]} 19. Qd3
{[%clk 0:40:46]} Rd8 {[%clk 0:42:11]} 20. Kb1 {[%clk 0:36:57]} Rd7
{[%clk 0:40:10]} 21. Rhe1 {[%clk 0:36:10]} Qh3 {[%clk 0:34:49]} 22. Bxa7
{[%clk 0:22:24]} Bb4 {[%clk 0:29:02]} 23. Re2 {[%clk 0:22:01]} Rhd8
{[%clk 0:25:30]} 24. Bd4 {[%clk 0:21:20]} Qxh2 {[%clk 0:23:23]} 25. Qf5
{[%clk 0:19:28]} Re7 {[%clk 0:07:01]} 26. Rxe7+ {[%clk 0:17:48]} Bxe7
{[%clk 0:06:56]} 27. Re1 {[%clk 0:12:55]} Kf8 {[%clk 0:05:31]} 28. f4
{[%clk 0:10:19]} Re8 {[%clk 0:03:29]} 29. Qd7 {[%clk 0:08:18]} Qh5
{[%clk 0:02:14]} 30. a3 {[%clk 0:08:11]} Qf7 {[%clk 0:01:20]} 31. Bc3
{[%clk 0:05:23]} h5 {[%clk 0:00:47]} 32. Rxe7 {[%clk 0:03:16]} Rxe7
{[%clk 0:01:11]} 33. Bb4 {[%clk 0:03:35]} g6 {[%clk 0:00:40]} 34. Qd8+
{[%clk 0:03:11]} 1-0